Tous les vainqueurs de la ligue 1 - Statistiques

Statistiques générales
  • Ce quiz a été pris 189 fois
  • Le résultat moyen est 14 sur 19
Statistiques - réponses
Nombres de victoire en Ligue 1 Club % Correct
12 Paris Saint Germain
100%
9 Olympique de Marseille
99%
7 Olympique Lyonnais
97%
10 AS Saint-Etienne
95%
8 AS Monaco
93%
8 FC Nantes
92%
6 Girondins de Bordeaux
91%
1 Montpellier HSC
88%
4 Lille OSC
86%
4 OGC Nice
84%
1 RC Lens
83%
1 RC Strasbourg
76%
6 Stade de Reims
70%
1 AJ Auxerre
63%
2 FC Sochaux-Montbelliard
52%
2 FC Sète
35%
1 CO Roubaix-Tourcoing
23%
1 Olympique Lillois
14%
1 RC Paris
13%
Aucun quiz correspondant
Distribution des résultats
% des personnes avec chaque résultat
Percentile par nombre de réponses
Votre historique - résultats
Vous n’avez pas pris ce quiz